[Event "Mittelfranken-chTB1 1314"]
[Site "Mittelfranken"]
[Date "2014.02.16"]
[Round "6.4"]
[White "Kittsteiner, Peter"]
[Black "Maettig, Stefan"]
[Result "0-1"]
[WhiteElo "1857"]
[BlackElo "1925"]
[PlyCount "84"]
[EventDate "2013.10.20"]
[EventType "team-tourn"]
[EventRounds "9"]
[EventCountry "GER"]
[SourceTitle "EXT 2020"]
[Source "ChessBase"]
[SourceDate "2019.10.17"]
[SourceVersion "1"]
[SourceVersionDate "2019.10.17"]
[SourceQuality "1"]
[WhiteTeam "Buechenbach/Roth II"]
[BlackTeam "Nuernberg NT III"]
[WhiteTeamCountry "GER"]
[BlackTeamCountry "GER"]

1. e4 c5 2. Nf3 e6 3. d4 cxd4 4. Nxd4 Nf6 5. Nc3 d6 6. Be2 a6 7. Bg5 Be7 8. 0-0 Qc7 9. Qd2 Nbd7 10. Rad1 b5 11. Bd3 Bb7 12. f3 0-0 13. Rfe1 Rfe8 14. Kh1 Bf8 15. Bxf6 Nxf6 16. a3 d5 17. e5 Nd7 18. f4 b4 19. axb4 Bxb4 20. Nf3 a5 21. Bxh7+ Kxh7 22. Ng5+ Kg8 23. Qd3 Nf8 24. Qh3 Be7 25. Nxf7 Kxf7 26. f5 Bb4 27. Nb5 Qd7 28. Qh5+ Kg8 29. Rf1 Ba6 30. f6 Qf7 31. Qg5 Bxb5 32. Rf4 Rec8 33. Qg3 Rc4 34. Rdf1 Re4 35. Rxe4 dxe4 36. Rf4 Rd8 37. h3 Rd1+ 38. Kh2 Rf1 39. Rg4 g6 40. h4 Rf5 41. Kh3 Bc6 42. b3 Kh7 0-1

[Event "Mittelfranken-chTB2b 1213"]
[Site "Germany"]
[Date "2013.02.11"]
[Round "7.7"]
[White "Beer, Franz"]
[Black "Kittsteiner, Peter"]
[Result "1/2-1/2"]
[WhiteElo "1773"]
[BlackElo "1832"]
[PlyCount "41"]
[EventDate "2012.10.07"]
[EventType "team-tourn"]
[EventRounds "9"]
[EventCountry "GER"]
[SourceTitle "EXT 2019"]
[Source "ChessBase"]
[SourceDate "2018.10.10"]
[SourceVersion "1"]
[SourceVersionDate "2018.10.10"]
[SourceQuality "1"]
[WhiteTeam "Neumarkt"]
[BlackTeam "Buechenbach/Roth II"]
[WhiteTeamCountry "GER"]
[BlackTeamCountry "GER"]

1. c4 e5 2. Nc3 d6 3. Nf3 Nc6 4. d4 exd4 5. Nxd4 h6 6. e3 Nf6 7. Be2 Be7 8. 0-0 0-0 9. Nxc6 bxc6 10. Bf3 Bb7 11. b3 Qd7 12. Ba3 Rad8 13. Qc2 Qe6 14. Rad1 Rfe8 15. h3 Qc8 16. Rd2 Rf8 17. Rfd1 Nh7 18. Kh2 f5 19. Bb2 g5 20. Kg1 Bf6 21. g4 1/2-1/2

[Event "Mittelfranken-chTB2b 1112"]
[Site "Germany"]
[Date "2012.02.05"]
[Round "6.4"]
[White "Cipra, Lothar"]
[Black "Kittsteiner, Peter"]
[Result "1-0"]
[WhiteElo "1987"]
[BlackElo "1879"]
[PlyCount "63"]
[EventDate "2011.09.25"]
[EventType "team-tourn"]
[EventRounds "9"]
[EventCountry "GER"]
[SourceTitle "EXT 2013"]
[Source "ChessBase"]
[SourceDate "2012.11.22"]
[SourceVersion "1"]
[SourceVersionDate "2012.11.22"]
[SourceQuality "1"]
[WhiteTeam "Schwanstetten"]
[BlackTeam "Buechenbach/Roth II"]
[WhiteTeamCountry "GER"]
[BlackTeamCountry "GER"]

1. d4 Nf6 2. c4 g6 3. Nc3 Bg7 4. e4 d6 5. f3 0-0 6. Be3 e5 7. d5 a5 8. Bd3 Na6 9. Nge2 b6 10. Qd2 Nc5 11. Bc2 Bd7 12. 0-0 Qc8 13. a4 Na6 14. Nb5 Ne8 15. Bh6 f5 16. Bxg7 Nxg7 17. f4 exf4 18. Nxf4 fxe4 19. Bxe4 Nf5 20. Ne6 Bxe6 21. dxe6 Rb8 22. Bxf5 gxf5 23. Qg5+ Kh8 24. Rae1 Qe8 25. e7 Rf7 26. Rxf5 Rc8 27. Na7 Ra8 28. Nc6 Nb4 29. Rxf7 Qxf7 30. e8Q+ Rxe8 31. Rxe8+ Qxe8 32. Qf6+ 1-0

[Event "Mittelfranken-chTB2b 0910"]
[Site "Mittelfranken"]
[Date "2010.02.21"]
[Round "7.5"]
[White "Lutzky, Manfred"]
[Black "Kittsteiner, Peter"]
[Result "0-1"]
[WhiteElo "1871"]
[BlackElo "1845"]
[PlyCount "58"]
[EventDate "2009.10.11"]
[EventType "team-tourn"]
[EventRounds "9"]
[EventCountry "GER"]
[SourceTitle "EXT 2011"]
[Source "ChessBase"]
[SourceDate "2010.11.26"]
[SourceVersion "1"]
[SourceVersionDate "2010.11.26"]
[SourceQuality "1"]
[WhiteTeam "Nuernberg NT IV"]
[BlackTeam "Buechenbach/Roth II"]
[WhiteTeamCountry "GER"]
[BlackTeamCountry "GER"]

1. e4 e5 2. Nf3 Nc6 3. Bc4 Bc5 4. c3 d6 5. d4 exd4 6. cxd4 Bb4+ 7. Bd2 Bxd2+ 8. Nbxd2 Nf6 9. 0-0 0-0 10. d5 Ne7 11. Rc1 Ng6 12. Nd4 a6 13. Qc2 Bd7 14. Bb3 Rc8 15. Ba4 Re8 16. Rfe1 Nf4 17. Bxd7 Qxd7 18. Re3 g6 19. Nf1 N6h5 20. f3 Qe7 21. Rc3 Qe5 22. Ne2 Nxd5 23. exd5 Qxe2 24. Rxc7 Rxc7 25. Qxc7 Nf4 26. Rc2 Qe1 27. h3 Ne2+ 28. Rxe2 Rxe2 29. Qxd6 Qf2+ 0-1

[Event "Mittelfranken-chTB2b 0910"]
[Site "Mittelfranken"]
[Date "2010.01.31"]
[Round "6.7"]
[White "Kittsteiner, Peter"]
[Black "Weber, Winfried"]
[Result "0-1"]
[WhiteElo "1845"]
[BlackElo "1905"]
[PlyCount "82"]
[EventDate "2009.10.11"]
[EventType "team-tourn"]
[EventRounds "9"]
[EventCountry "GER"]
[SourceTitle "EXT 2011"]
[Source "ChessBase"]
[SourceDate "2010.11.26"]
[SourceVersion "1"]
[SourceVersionDate "2010.11.26"]
[SourceQuality "1"]
[WhiteTeam "Buechenbach/Roth II"]
[BlackTeam "Neumarkt"]
[WhiteTeamCountry "GER"]
[BlackTeamCountry "GER"]

1. e4 g6 2. d4 d6 3. Bd3 Bg7 4. c3 e5 5. d5 Nf6 6. Ne2 0-0 7. 0-0 c6 8. c4 Nbd7 9. Nbc3 Ne8 10. Be3 f5 11. exf5 gxf5 12. f3 Ndf6 13. dxc6 bxc6 14. Qc2 d5 15. Bc5 Nd6 16. Bxd6 Qxd6 17. Bxf5 Qc5+ 18. Kh1 Qxc4 19. Bd3 Qc5 20. a3 d4 21. b4 Qd6 22. Na4 Nd5 23. Bc4 Be6 24. Bxd5 Bxd5 25. Rab1 Rfc8 26. Nc5 Qg6 27. Ne4 a5 28. N2g3 axb4 29. axb4 Ra2 30. Rb2 Rca8 31. Rfb1 h5 32. Rxa2 Rxa2 33. Rb2 Rxb2 34. Qxb2 h4 35. Nf1 Bxe4 36. fxe4 Qxe4 37. Qa2+ Kh7 38. Qf2 Qg6 39. Qf3 Qf6 40. Qh5+ Bh6 41. g3 Qxf1# 0-1

[Event "Mittelfranken-chTB2b 0910"]
[Site "Mittelfranken"]
[Date "2009.11.22"]
[Round "3.7"]
[White "Lamprecht, Friedrich"]
[Black "Kittsteiner, Peter"]
[Result "0-1"]
[WhiteElo "1737"]
[BlackElo "1845"]
[PlyCount "78"]
[EventDate "2009.10.11"]
[EventType "team-tourn"]
[EventRounds "9"]
[EventCountry "GER"]
[SourceTitle "EXT 2011"]
[Source "ChessBase"]
[SourceDate "2010.11.26"]
[SourceVersion "1"]
[SourceVersionDate "2010.11.26"]
[SourceQuality "1"]
[WhiteTeam "Postbauer Heng II"]
[BlackTeam "Buechenbach/Roth II"]
[WhiteTeamCountry "GER"]
[BlackTeamCountry "GER"]

1. Nf3 d5 2. d4 Nf6 3. c4 e6 4. Bg5 Be7 5. Bxf6 Bxf6 6. Nc3 0-0 7. e3 Nd7 8. cxd5 Nb6 9. dxe6 Bxe6 10. Rc1 c6 11. Bd3 g6 12. 0-0 Qe7 13. a3 Bg7 14. Re1 Rad8 15. Qe2 Bg4 16. Bb1 Rfe8 17. h3 Bc8 18. Ba2 g5 19. Nh2 Bf5 20. Qf3 Bg6 21. Red1 Rf8 22. Qe2 Kh8 23. Qe1 f5 24. Ne2 Bf6 25. Nf1 Qg7 26. f4 Rde8 27. Qd2 h6 28. g3 Bh5 29. Re1 Bxe2 30. Rxe2 gxf4 31. d5 fxe3 32. Qc2 f4 33. Kh2 fxg3+ 34. Nxg3 Bh4 35. Rg1 Rf3 36. Nf1 Qe5+ 37. Kh1 Rxh3+ 38. Nh2 Bg3 39. dxc6 Qf4 0-1

[Event "Mittelfranken-chTB1 0809"]
[Site "Mittelfranken"]
[Date "2008.10.12"]
[Round "1.8"]
[White "Mueller, Werner6666"]
[Black "Kittsteiner, Peter"]
[Result "1/2-1/2"]
[WhiteElo "1758"]
[BlackElo "1845"]
[PlyCount "40"]
[EventDate "2008.10.12"]
[EventType "team"]
[EventRounds "9"]
[EventCountry "GER"]
[SourceTitle "EXT 2011"]
[Source "ChessBase"]
[SourceDate "2010.11.26"]
[SourceVersion "1"]
[SourceVersionDate "2010.11.26"]
[SourceQuality "1"]
[WhiteTeam "Nuernberg Sued SW II"]
[BlackTeam "Buechenbach/Roth"]
[WhiteTeamCountry "GER"]
[BlackTeamCountry "GER"]

1. f4 d5 2. Nf3 e6 3. e3 f5 4. Be2 Nf6 5. 0-0 Bd6 6. b3 0-0 7. Bb2 Bd7 8. Ne5 Be8 9. d3 Nbd7 10. Nd2 c6 11. Ndf3 h6 12. Kh1 Kh7 13. Rg1 Ng4 14. Nxg4 fxg4 15. Ne5 h5 16. Rf1 Bxe5 17. Bxe5 Nxe5 18. fxe5 Rxf1+ 19. Qxf1 Qg5 20. Qf4 Qxf4 1/2-1/2

[Event "Mittelfrankenliga-B1 0506"]
[Site "Germany"]
[Date "2005.11.20"]
[Round "2.6"]
[White "Walter, Thomas"]
[Black "Kittsteiner, Peter"]
[Result "1-0"]
[WhiteElo "2034"]
[BlackElo "1864"]
[PlyCount "53"]
[EventDate "2005.10.16"]
[EventType "team"]
[EventRounds "9"]
[EventCountry "GER"]
[SourceTitle "EXT 2007"]
[Source "ChessBase"]
[SourceDate "2006.11.23"]
[SourceVersion "1"]
[SourceVersionDate "2006.11.23"]
[SourceQuality "1"]

1. e4 e5 2. Nf3 Nc6 3. d4 exd4 4. Bc4 Be7 5. Nxd4 d6 6. Nxc6 bxc6 7. Qh5 g6 8. Qf3 Be6 9. Bxe6 fxe6 10. Qc3 Bf6 11. Qxc6+ Kf7 12. 0-0 Ne7 13. Qa4 Kg7 14. c3 Rf8 15. Be3 c6 16. f4 e5 17. fxe5 Bxe5 18. Nd2 d5 19. Rxf8 Qxf8 20. Rf1 Qd8 21. Nf3 Bc7 22. Ng5 Kg8 23. Nf7 Qb8 24. Nh6+ Kg7 25. Rf7+ Kh8 26. Bd4+ Be5 27. Rxe7 1-0

[Event "Mittelfranken-chT 0405"]
[Site "Germany"]
[Date "2004.10.17"]
[Round "1.8"]
[White "Boehm, Alfred"]
[Black "Kittsteiner, Peter"]
[Result "0-1"]
[WhiteElo "1701"]
[BlackElo "1866"]
[PlyCount "96"]
[EventDate "2004.10.17"]
[EventType "team"]
[EventRounds "9"]
[EventCountry "GER"]
[SourceTitle "EXT 2007"]
[Source "ChessBase"]
[SourceDate "2006.11.23"]
[SourceVersion "1"]
[SourceVersionDate "2006.11.23"]
[SourceQuality "1"]

1. Nf3 d6 2. g3 e5 3. d3 Nc6 4. Bg2 Be7 5. Nc3 f5 6. e4 Nf6 7. Be3 fxe4 8. dxe4 0-0 9. h3 Bd7 10. 0-0 h6 11. Qd2 Be6 12. Nh4 Qd7 13. Kh2 Kh7 14. f4 exf4 15. Bxf4 Nh5 16. Nf3 Rae8 17. Rae1 Qc8 18. Nd4 Bc4 19. Rf2 Bf6 20. Nxc6 bxc6 21. b3 Bf7 22. Ne2 c5 23. c4 Be6 24. Bf3 Bf7 25. Bg4 Qd8 26. Bf3 g5 27. Be3 Be5 28. Ref1 c6 29. Kg2 Ng7 30. Bg4 Bg6 31. Bf5 Qe7 32. h4 Bxf5 33. exf5 gxh4 34. g4 Bg3 35. Rf3 Qe4 36. Nxg3 Qxg4 37. Kh2 hxg3+ 38. Rxg3 Qe4 39. Rxg7+ Kxg7 40. Bxh6+ Kf7 41. Bxf8 Rxf8 42. Rf4 Rh8+ 43. Kg3 Qe5 44. Kg2 Rg8+ 45. Kf3 Rg1 46. Qd3 Qe1 47. Rg4 Rf1+ 48. Kg2 Qf2+ 0-1